000
00331nam a2200145Ia 4500
005
20251222153552.0
008
251222s9999||||xx |||||||||||||| ||spa||
020
_a
8467434392
082
_a
813.54/L45
100
_a
León, Donna
245
0
_a
El Peor Remedio
250
_a
1ra.ed.
264
_b
Planeta DeAgostini
942
_c
LIB
999
_c
30895
_d
30895